000 00353nam a22001457a 4500
008 210521b ||||| |||| 00| 0 eng d
020 _a0252002954
041 _aeng
080 _a574
082 _a574
100 _a9
101 _aMJE
245 _aTheory of Culture Change the Methodology of multilinear evolution
_cSteward,J.H
942 _2udc
_cBK
999 _c57591
_d57591